| 000 | 01355nam a2200241 a 4500 | ||
|---|---|---|---|
| 001 | 000028538 | ||
| 005 | 20200930055010.0 | ||
| 008 | 110411s2007 dr 000 0 spa d | ||
| 040 |
_aDO-SdBNP _bspa _cBNPHU |
||
| 082 |
_a349.7293 _bR426c |
||
| 110 | 1 |
_aRepública Dominicana. _9447 |
|
| 240 | 1 | 0 | _a[Leyes, etc.] |
| 245 | 1 | 0 | _aColección códigos de la República. |
| 260 |
_aSanto Domingo : _bEditora Corripio, _c2007. |
||
| 300 |
_a9 v. ; _c14 cm. |
||
| 500 | _aEdición de audiencias | ||
| 505 | 0 |
_gv. 1 _tCódigo monetario y financiero de la República Dominicana -- _gv. 2 _tCódigo de comercio de la República Dominicana -- _gv. 3 _tCódigo procesal penal de la República Dominicana -- _gv. 4 _tCódigo penal de la República Dominicana -- _gv. 5 _tCódigo para el sistema de protección y los derechos fundamentales de niños, niñas y adolescentes _gv. 6 _tCódigo de trabajo de la República Dominicana -- _gv. 7 _tCódigo tributario de la República Dominicana -- _gv. 8 _tCódigo del procedimiento civil de la República Dominicana -- _gv. 9 _tCódigo civil de la República Dominicana -- |
|
| 590 | _aInventariado,2018/DG | ||
| 650 | 4 |
_aDerecho _zRepública Dominicana _935307 |
|
| 690 |
_aLEGISLACIÓN _zREPÚBLICA DOMINICANA _93032 |
||
| 710 | 2 |
_aSuprema Corte de Justicia. (República Dominicana) _955493 |
|
| 910 | _aValidado. Control de calidad MFF | ||
| 999 |
_c28030 _d28030 |
||